Statistics for SAT Words HARD Click Quiz - O

Click here to take the quiz!

General Stats

  • This quiz has been taken 124 times
  • The average score is 10 of 15

Answer Stats

HintAnswer% Correct
State of being forgotten and unknownOblivion
88%
Waste parts of a butchered animalOffal
84%
Perpendicular to a given line or planeOrthogonal
84%
Repugnant, loathsomeOdious
81%
Relating to bonesOsseous
79%
An act to show respect; a respectful gesture like bowingObeisance
78%
Unconventional, avant-garde, bizarreOutré
74%
Traditional cry used in course to call people to attentionOyez
72%
Argue against; disputeOppugn
70%
Appearing as such, but not necessarily soOstensible
69%
Noisy and difficult to controlObstreperous
61%
Religious or sacred centre; focal point, hubOmphalos
51%
Overbearing, presumptuousOverweening
48%
Strong and full in soundOrotund
47%
Overly helpful to the point of meddlingOfficious
46%

Score Distribution

Percentile by Number Answered

Percent of People with Each Score

Your Score History

You have not taken this quiz